Probability and statistics : for scientists and engineers (Record no. 189725)

MARC details
000 -LEADER
fixed length control field 00486nam a2200169Ia 4500
005 - DATE AND TIME OF LATEST TRANSACTION
control field 20250421093535.0
008 - FIXED-LENGTH DATA ELEMENTS--GENERAL INFORMATION
fixed length control field 231217s9999 xx 000 0 und d
020 ## - INTERNATIONAL STANDARD BOOK NUMBER
International Standard Book Number 9788122428148
082 ## - DEWEY DECIMAL CLASSIFICATION NUMBER
Classification number 519.02462 DUK;1 R
100 ## - MAIN ENTRY--PERSONAL NAME
Personal name Dukkipati, Rao V.
245 #0 - TITLE STATEMENT
Title Probability and statistics : for scientists and engineers
250 ## - EDITION STATEMENT
Edition statement 1st ed.
260 ## - PUBLICATION, DISTRIBUTION, ETC. (IMPRINT)
Date of publication, distribution, etc. 2010
Name of publisher, distributor, etc. New age International
Place of publication, distribution, etc. New Delhi
300 ## - PHYSICAL DESCRIPTION
Extent xix, 546
650 ## - SUBJECT ADDED ENTRY--TOPICAL TERM
Topical term or geographic name as entry element Probability,statistics,scientists
942 ## - ADDED ENTRY ELEMENTS (KOHA)
Koha item type Books
Holdings
Date last seen Total Checkouts Full call number Accession number Old discount Uniform Resource Identifier Cost, replacement price Price effective from Category Lost status Damaged status Department Withdrawn status bill no. bill date Permanent Location Current Location Shelving location Entry date Vendor Cost, normal purchase price Grants Currency symbol Conversion rate Discount Discount type Total Renewals Date checked out
26/01/2024   519.02462 DUK;1 R 75388 25 digital/contents/75390.pdf 221.25 26/01/2024 Books     Central Library   RB-172 28/10/2014 Central Library Central Library Central Library 30/10/2010 Royal Biblioman 295.00 ME RS 1 73.75 Rupees    
26/01/2024   519.02462 DUK;2 R1 75389 25 digital/contents/75390.pdf 221.25 26/01/2024 Books     Central Library   RB-172 28/10/2014 Central Library Central Library Central Library 30/10/2010 Royal Biblioman 295.00 ME RS 1 73.75 Rupees    
03/01/2025 1 519.02462 DUK;3 75390 25 digital/contents/75390.pdf 221.25 26/01/2024 Books     Central Library   RB-172 28/10/2014 Central Library Central Library Central Library 30/10/2010 Royal Biblioman 295.00 ME RS 1 73.75 Rupees 3 28/09/2024
26/01/2024   519.02462 DUK;4 75391 25 digital/contents/75390.pdf 221.25 26/01/2024 Books     Central Library   RB-172 28/10/2014 Central Library Central Library Central Library 30/10/2010 Royal Biblioman 295.00 ME RS 1 73.75 Rupees    
26/01/2024   519.02462 DUK;5 75392 25 digital/contents/75390.pdf 221.25 26/01/2024 Books     Central Library   RB-172 28/10/2014 Central Library Central Library Central Library 30/10/2010 Royal Biblioman 295.00 ME RS 1 73.75 Rupees    

© For any Suggestions or Query, please contact the library staff @ librarian@pes.edu or Phone: +9180 2672 1983/ 2108.